Objective Chemistry for NEET 2026/ (Record no. 212531)

MARC details
000 -LEADER
fixed length control field 00712nam a22002297a 4500
005 - DATE AND TIME OF LATEST TRANSACTION
control field 20250724113852.0
010 ## - LCCN (DPL NO)
LC control number ENG-146113-114
020 ## - INTERNATIONAL STANDARD BOOK NUMBER
International Standard Book Number 9789367130728
Terms of availability 730.00
020 ## - INTERNATIONAL STANDARD BOOK NUMBER
International Standard Book Number 9789367138984
Terms of availability 790.00
035 ## - SYSTEM CONTROL NUMBER
System control number EN-129645-646
037 ## - SOURCE OF ACQUISITION
Source of stock number/acquisition DBAD
082 ## - DEWEY DECIMAL CLASSIFICATION NUMBER
Classification number 540
Edition number 7
100 ## - MAIN ENTRY--PERSONAL NAME
Personal name Singhal, A.K.
245 ## - TITLE STATEMENT
Title Objective Chemistry for NEET 2026/
Statement of responsibility, etc A.K. Singhal [and] U. K. Singhal
250 ## - EDITION STATEMENT
Edition statement 7
260 ## - PUBLICATION, DISTRIBUTION, ETC. (IMPRINT)
Place of publication, distribution, etc Noida
Name of publisher, distributor, etc Pearson India Education
Date of publication, distribution, etc 2025
270 ## - ADDRESS
Address 15th Floor, Towe-B, World Trade Tower, Plot No.1, Block-C, Sector-16
City Noida
Postal code 201301
300 ## - PHYSICAL DESCRIPTION
Extent vpp.
Dimensions 25cm(pbk)
490 ## - SERIES STATEMENT
Volume number/sequential designation 1,2
700 ## - ADDED ENTRY--PERSONAL NAME
Personal name Singhal, U.K.
Relator term Author
9 (RLIN) 83237
942 ## - ADDED ENTRY ELEMENTS (KOHA)
Source of classification or shelving scheme Dewey Decimal Classification
Item type English Books
Classification part 540
Call number suffix SIN
Holdings
Withdrawn status Lost status Materials specified (bound volume or other part) Not for loan Collection code Home library Current library Date acquired Source of acquisition Cost, normal purchase price Full call number Barcode Copy number Cost, replacement price Koha item type
    VOL-1   Non-fiction Sarojini Nagar Sarojini Nagar 24/07/2025 Delivery of Books Act Division 730.00 540 SIN EN-129645 1 730.00 English Books
    VOL-2   Non-fiction Sarojini Nagar Sarojini Nagar 24/07/2025 Delivery of Books Act Division 790.00 540 SIN EN-129646 1 790.00 English Books

© Delhi Public Library
Hit Counter
free hit counter